Central Library OPAC University of Rajshahi
Normal view MARC view

Entry Personal Name

Number of records used in: 2

001 - CONTROL NUMBER

  • control field: 6073

003 - CONTROL NUMBER IDENTIFIER

  • control field: BD-RjUL

005 - DATE AND TIME OF LATEST TRANSACTION

  • control field: 20221129124039.0

008 - FIXED-LENGTH DATA ELEMENTS

  • fixed length control field: 221129|| aca||aabn | a|a d

040 ## - CATALOGING SOURCE

  • Original cataloging agency: BD-RjUL
  • Transcribing agency: BD-RjUL

100 ## - HEADING--PERSONAL NAME

  • Personal name: محمود, اشتياق عالم = mahmud ashtiaq ealam

670 ## - SOURCE DATA FOUND

  • Source citation: Work cat.: (BD-RjUL)80862: محمود, اشتياق عالم = mahmud ashtiaq ealam, علم مقارنة الاديان في العصر الحديث : مناهجه واتجاهاته = Comparative Religion in Modern era : methuds and trends /, 2019